| 000 | 00436cam a2200157 4500 | ||
|---|---|---|---|
| 001 | BIIH006155 | ||
| 008 | 1938 spa | ||
| 035 | _aBIIH006155 | ||
| 050 | 4 |
_aHD9156 _b.H4 D53 1938 |
|
| 100 | 1 | _aDíaz de Cossio, Martín | |
| 245 | 0 |
_aHenequen : riqueza yucateca / _cMartín Díaz de Cossio. |
|
| 260 |
_aMéxico : _bEl Mundo, _c1938 |
||
| 300 |
_a109 p. ; _c21 cm. |
||
| 500 | _a1 ejemplar | ||
| 942 |
_2lcc _cLIB |
||
| 999 |
_c66610 _d66610 |
||